| 000 | 02487nam a2200205 i 4500 | ||
|---|---|---|---|
| 001 | 46547 | ||
| 003 | ES-MaACL | ||
| 005 | 20230906161414.0 | ||
| 007 | t| | ||
| 008 | 030408m19011902xxu ||||1| eng d | ||
| 110 | 1 |
_aCuba. _bMilitary Governor, 1899-1902 (Leonard Wood) _9156534 |
|
| 245 | 1 | 1 | _a[Civil report of the Military Governor]. |
| 260 |
_a[Havana? : _bs.n., _c1901-1902] |
||
| 300 |
_a17 v. ; _c24 cm. |
||
| 505 | 8 | _aContiene: v. 1. Civil report of Brig. Gen. Leonard Wood. Report of Lieut. Frank R. McCoy, aid-de-camp. Report on a geological reconnaissance of Cuba, by C. Willard Hayes, T. Wayland Vaughan and Arthur C. Spencer [of the U.S. Geological Survey]--v. 2 Civil orders and circulars.--v. 3 Reports of Dr. Diego Tamayo, Secretary of State and Government. Report of Dr. F. F. Falco, official delegate of Cuba at the 5th Congress of Criminal Anthropology in Amsterdam, December 1901.--v. 4. Report of W. C. Gorgas, chief sanitary officer.--v. 5. Reports of Maj. J. R. Kean, superintendent Department of Charities. Reports of A. H. Glennan, chief quarantine officer, July 1900-Dec. 1901. Report of operations, Department of Immigration, July-Dec. 1901.--v. 6. Annual report of Capt. Lucien Young, captain of the port of Havana, July 1900-Dec. 1901. Reports of Maj. Louis V. Caziarc, supervisor of police and provost marshal city of Havana, July 1900-Dec. 1901. Report of the Rural Guard. 505 0_ |a --v.7. Report of the Chief Quartermaster, pertaining to insular affairs, July 1900-June 1901. Report of the auditor, Jan.-June 1901. Reports of Carlos Roloff, treasurer. Reports of the Secretary of Finance. Report of the Department of Posts, July 1900-Dec. 1901.--v.8. Custom Service, July 1900-Dec. 1901.--v.9 Reports of the Secretary of Public Instruction. Annual report of the Commissioner of Public Schools, Sept. 1900-Aug. 1901.--v.10-11. Reports of the Secretary of Justice.--v.12 Reports of the Department of Agriculture, Commerce and Industries. Report of the Secretary of Public Works, Jan.-June 1901. Reports of E. J. Balbin, Chief of the Lighthouse Board.--v.13 Reports of Maj. H. F. Hodges, Corps of Engineers, U.S.A., chief engineer, Department of Cuba.--v.14-15. Reports of W. J. Barden, Corps of Engineers, U.S.A., chief engineer, city of Havana. | |
| 546 | _aTextos en inglés y español. | ||
| 651 | 4 |
_aCuba- _xHistoria- _y1899-1902, Intervención norteamericana. _9149193 |
|
| 700 | 1 |
_aWood, Leonard. _9117310 |
|
| 852 |
_aES-MaACL _jC-19285-301 |
||
| 999 |
_c46547 _d46547 |
||